01043cam a2200289 i 45000010009000000050017000090080041000260100017000670200031000840200024001150200025001390400023001640420008001870430021001950500024002160820018002401000026002582450111002843000029003955040067004246500041004916500033005329060045005659420012006109990017006229520114006391746355220170105102846.0120914s2013 nyu b 001 0 eng  a 2012027354 a9781441159052 (alk. paper) a9781441151667 (pdf) a9781441113191 (epud) aDLCbengcDLCerda apcc aa-is---aa-aw---00aDS110.76b.B83 201300a956.940542231 aBudd, Eric N.,d1963-10aConflicted Are the Peacemakers :bIsraeli and Palestinian Moderates and the Death of Oslo /cEric N. Budd. aviii, 201 pages ;c24 cm aIncludes bibliographical references (pages 179-198) and index. 0aArab-Israeli conflicty1993-xPeace. 0aPeace-buildingzMiddle East. a7bcbccorignewd1eecipf20gy-gencatlg 2ddccBK c14061d14061 001040708NFICaCIPSbCIPScGENd2013-08-16l0o956.94054 BUD 2013pCIPS0000309r2013-08-16w2013-08-16yBK